[Event "Borgerhout - Eynatten 1"]
[Site "?"]
[Date "2011.03.20"]
[Round "10.6"]
[White "Vanderburch, Arie"]
[Black "Koch, Tomas"]
[Result "0-1"]
[WhiteElo "2260"]
[BlackElo "2429"]
[PlyCount "135"]
[EventDate "2010.10.07"]
[SourceDate "2010.10.07"]

1. d4 Nf6 2. c4 e6 3. Nc3 Bb4 4. e3 O-O 5. Bd3 d5 6. a3 Bxc3+ 7. bxc3 b6 8.
cxd5 exd5 9. Ne2 c5 10. O-O Ba6 11. Bxa6 Nxa6 12. f3 Nc7 13. Ng3 Re8 14. Ra2
Nb5 15. Qb3 Nd6 16. Re2 Qd7 17. Rfe1 cxd4 18. cxd4 Nf5 19. Nxf5 Qxf5 20. Qb5
Rac8 21. e4 Qd7 22. Qb2 dxe4 23. fxe4 Rc4 24. e5 Nd5 25. Rc2 Rec8 26. Rxc4 Rxc4
27. Qf2 Qe6 28. Bb2 h6 29. h3 b5 30. Rf1 a6 31. Kh2 Nb6 32. Qg3 Nd5 33. Qf2 Qd7
34. Bc1 Rc6 35. Bb2 Nb6 36. Qf3 Qd5 37. Qf2 Nc4 38. Bc1 a5 39. Qf4 Nb6 40. Qf2
Qd7 41. Qf3 Nd5 42. Bd2 Rc4 43. Qg3 Qe6 44. Qd3 Qb6 45. Qf3 Qe6 46. Qd3 a4 47.
Qe4 Ne7 48. Bb4 Qd5 49. Qxd5 Nxd5 50. Bc5 Rc3 51. Rf2 g5 52. Re2 Ne3 53. Rb2
Rb3 54. Re2 Kg7 55. Be7 Kg6 56. Rf2 Nd5 57. Bc5 h5 58. e6 fxe6 59. Rf8 Rb2 60.
Rg8+ Kf6 61. Rf8+ Kg7 62. Kh1 h4 63. Bd6 Ne3 64. Re8 Kf7 65. Rf8+ Kg6 66. Re8
Kf5 67. Rg8 Ke4 68. Rxg5 0-1

[Event "Borgerhout - Eynatten 1"]
[Site "?"]
[Date "2011.03.20"]
[Round "10.8"]
[White "Veltkamp, Gerben"]
[Black "Polaczek, Richard"]
[Result "0-1"]
[WhiteElo "2241"]
[BlackElo "2418"]
[PlyCount "58"]
[EventDate "2010.10.07"]
[SourceDate "2010.10.07"]

1. c4 e6 2. Nf3 Nf6 3. g3 d5 4. d4 dxc4 5. Bg2 Bd7 6. Qc2 c5 7. O-O Nc6 8. dxc5
Bxc5 9. Qxc4 Qe7 10. Nc3 h6 11. Bf4 e5 12. b4 Bb6 13. Be3 Bxe3 14. fxe3 Be6 15.
Qh4 Ng4 16. b5 Nb4 17. Rab1 Nc2 18. Nd5 Bxd5 19. Qxg4 O-O 20. Nh4 Nxe3 21. Nf5
Nxf5 22. Rxf5 Qc5+ 23. Rf2 Bxa2 24. Rd1 Qxb5 25. Rf6 Be6 26. Rxe6 fxe6 27.
Qxe6+ Kh8 28. h3 Qxe2 29. Rd7 Rf2 0-1

[Event "Eynatten 2 - Fontaine"]
[Site "?"]
[Date "2011.03.20"]
[Round "10.1"]
[White "Horvath, Cszabo"]
[Black "Todorov, Todor"]
[Result "1-0"]
[WhiteElo "2570"]
[BlackElo "2487"]
[PlyCount "117"]
[EventDate "2010.10.07"]
[SourceDate "2011.03.21"]

1. d4 Nf6 2. c4 d6 3. Nc3 e5 4. Nf3 Nbd7 5. Bg5 Be7 6. e3 c6 7. Bd3 Ng8 8. Bxe7
Qxe7 9. Qc2 exd4 10. Nxd4 Nc5 11. Bxh7 Nf6 12. Bf5 Qe5 13. Bxc8 Rxc8 14. O-O-O
Rd8 15. Nf3 Qe6 16. Rd4 a5 17. Kb1 g6 18. h4 Kf8 19. Rh3 Qe7 20. Ng5 Nh7 21.
Nce4 Nxg5 22. Nxg5 Kg7 23. Rf4 Rdf8 24. Rg4 Rh5 25. Rf3 Rh6 26. a3 Qe5 27. Rgf4
f6 28. Ne4 Ne6 29. Nxf6 Nxf4 30. Ng4 Qe7 31. Nxh6 Qxh4 32. exf4 Qxh6 33. Qc3+
Kg8 34. g3 Re8 35. Rd3 Qh1+ 36. Ka2 Re6 37. Qxa5 Qe4 38. Qc3 Qe2 39. Re3 Rxe3
40. fxe3 Qf3 41. Qd3 Qxg3 42. Qxd6 Kh7 43. e4 Qe3 44. f5 gxf5 45. exf5 Qe4 46.
Qg6+ Kh8 47. Qf7 b6 48. f6 Qg4 49. Qe8+ Kh7 50. Qxc6 Kg6 51. f7+ Kg7 52. Qd5
Qf4 53. Kb3 Qe3+ 54. Ka4 Kf8 55. Qd7 Kg7 56. Qe8 b5+ 57. Kxb5 Qb3+ 58. Kc5 Kh7
59. Qg8+ 1-0

[Event "Fontaine - Eynatten 2"]
[Site "?"]
[Date "2011.03.20"]
[Round "10.2"]
[White "Cekro, Ekrem"]
[Black "Braun, Christian"]
[Result "1-0"]
[WhiteElo "2400"]
[BlackElo "2408"]
[PlyCount "117"]
[EventDate "2010.10.07"]
[SourceDate "2011.03.21"]

1. c4 g6 2. g3 Bg7 3. Bg2 Nf6 4. Nc3 O-O 5. d4 d6 6. e3 e5 7. Nge2 Re8 8. h3
Nbd7 9. O-O exd4 10. Nxd4 Nb6 11. b3 d5 12. c5 Nbd7 13. c6 Ne5 14. cxb7 Bxb7
15. Ba3 Ne4 16. Rc1 Ba6 17. Nxe4 Bxf1 18. Qxf1 dxe4 19. Bxe4 Rc8 20. Bb7 Rb8
21. Bc6 Nxc6 22. Nxc6 Qd2 23. Nxb8 Rxb8 24. Rxc7 Be5 25. Qc1 Qd8 26. Rc5 Qe8
27. Bb2 Bxb2 28. Qxb2 Rd8 29. Qc2 Qe6 30. Kg2 h5 31. Qc4 Qb6 32. Rc7 Rf8 33.
Qc5 Qe6 34. Re7 Rc8 35. Rxe6 Rxc5 36. Ra6 Rc7 37. b4 Rb7 38. a3 Kg7 39. Kf3 Kh6
40. g4 hxg4+ 41. hxg4 Kg5 42. Kg3 Kh6 43. f4 Kg7 44. Kf3 Kf8 45. Ke4 Ke7 46. g5
Ke8 47. Kd5 Rd7+ 48. Rd6 Rc7 49. e4 Rc3 50. Ra6 Rc7 51. Rc6 Rd7+ 52. Rd6 Rc7
53. f5 gxf5 54. exf5 Rc3 55. Ra6 Rd3+ 56. Ke5 Rd7 57. Kf6 Rb7 58. Kg7 Rb5 59.
Ra5 1-0

[Event "Eynatten 2 - Fontaine"]
[Site "?"]
[Date "2011.03.20"]
[Round "10.3"]
[White "Schulz, Klaus Jurgen"]
[Black "Wantiez, Fabrice"]
[Result "1/2-1/2"]
[WhiteElo "2373"]
[BlackElo "2379"]
[PlyCount "78"]
[EventDate "2010.10.07"]
[SourceDate "2011.03.21"]

1. d4 Nf6 2. c4 g6 3. Nf3 Bg7 4. g3 O-O 5. Bg2 d5 6. cxd5 Nxd5 7. O-O Nc6 8.
Nc3 Nb6 9. e3 Re8 10. d5 Bxc3 11. dxc6 Bg7 12. Nd4 Rb8 13. Nb5 a6 14. Qxd8 Rxd8
15. Na7 Nc4 16. Nxc8 Rdxc8 17. cxb7 Rd8 18. Rb1 Na5 19. b3 Nxb7 20. Bxb7 Rxb7
21. Ba3 Kf8 22. Rfc1 Rd2 23. Rc6 Rxa2 24. Rxa6 Ke8 25. Ra8+ Kd7 26. Ra4 Rd2 27.
Bc5 Be5 28. Kf1 Rd5 29. Rc4 Bd6 30. Bxd6 exd6 31. Ke2 Rdb5 32. Rc3 c5 33. Kd2
d5 34. Rbc1 Kd6 35. h4 Ra7 36. R1c2 Ra3 37. Rb2 Ra1 38. Ke2 c4 39. Kd2 Rf1
1/2-1/2

[Event "Fontaine - Eynatten 2"]
[Site "?"]
[Date "2011.03.20"]
[Round "10.4"]
[White "Marechal, Andy"]
[Black "Zelbel, Patrick"]
[Result "1/2-1/2"]
[WhiteElo "2357"]
[BlackElo "2365"]
[PlyCount "95"]
[EventDate "2010.10.07"]
[SourceDate "2011.03.21"]

1. e4 c5 2. Nc3 d6 3. g3 Nc6 4. Bg2 g6 5. d3 Bg7 6. f4 Nf6 7. Nf3 O-O 8. O-O
Rb8 9. h3 b5 10. g4 b4 11. Ne2 a5 12. Rb1 a4 13. Be3 Ba6 14. b3 axb3 15. axb3
Bb7 16. Qe1 Ra8 17. Qh4 Ra2 18. Rbc1 Qa5 19. f5 Ra8 20. fxg6 hxg6 21. Ng5 Ne5
22. Nf4 Qa3 23. d4 cxd4 24. Bxd4 Rc8 25. Bxe5 dxe5 26. Nxg6 fxg6 27. Rxf6 Qxc1+
28. Rf1 Qe3+ 29. Kh1 Qxg5 30. Qxg5 Rcxc2 31. Bf3 Ba6 32. Rd1 Rf2 33. Qxg6 Rxf3
34. Rd8+ Rf8 35. Qe6+ Kh7 36. Rxf8 Bxf8 37. Qf5+ Kg8 38. Qg6+ Bg7 39. Qe8+ Kh7
40. Qh5+ Kg8 41. Qe8+ Bf8 42. Qg6+ Bg7 43. h4 Be2 44. Qe8+ Kh7 45. Qh5+ Kg8 46.
Qe8+ Kh7 47. Qh5+ Kg8 48. Qe8+ 1/2-1/2

[Event "Fontaine - Eynatten 2"]
[Site "?"]
[Date "2011.03.20"]
[Round "10.6"]
[White "Le Quang, Kim"]
[Black "Litwak, Aleksej"]
[Result "1/2-1/2"]
[WhiteElo "2347"]
[BlackElo "2300"]
[PlyCount "49"]
[EventDate "2010.10.07"]
[SourceDate "2011.03.21"]

1. c4 e6 2. g3 Nf6 3. Bg2 d5 4. Nf3 c5 5. O-O Nc6 6. cxd5 exd5 7. d4 Be7 8.
dxc5 Bxc5 9. Bg5 O-O 10. Nc3 d4 11. Bxf6 Qxf6 12. Ne4 Qe7 13. Nxc5 Qxc5 14. Rc1
Qb6 15. Qc2 h6 16. a3 Re8 17. Rfd1 Bg4 18. h3 Bh5 19. Qc5 Qxc5 20. Rxc5 Bg6 21.
Nxd4 Nxd4 22. Rxd4 Rxe2 23. b4 Re1+ 24. Kh2 Re2 25. Kg1 1/2-1/2

[Event "Eynatten 2 - Fontaine"]
[Site "?"]
[Date "2011.03.20"]
[Round "10.7"]
[White "Kaufeld, Juergen"]
[Black "Wantola, Ivo"]
[Result "1/2-1/2"]
[WhiteElo "2290"]
[BlackElo "2309"]
[PlyCount "77"]
[EventDate "2010.10.07"]
[SourceDate "2011.03.21"]

1. e4 c5 2. Nf3 d6 3. d4 cxd4 4. Nxd4 Nf6 5. Nc3 g6 6. Bc4 Bg7 7. h3 O-O 8. O-O
Nc6 9. Nf3 a6 10. Re1 b5 11. Bb3 Bb7 12. Bg5 h6 13. Bh4 Na5 14. Qd3 Nxb3 15.
axb3 Nh5 16. Rad1 g5 17. Bg3 b4 18. Nd5 Nxg3 19. fxg3 Bxb2 20. h4 e6 21. Ne3
Bg7 22. hxg5 hxg5 23. Ng4 Rc8 24. Qe3 Rxc2 25. Nxg5 Qe7 26. Nf3 Rc3 27. Qb6
Rxb3 28. Rxd6 Rc3 29. Qxb4 a5 30. Qb6 a4 31. e5 Bxf3 32. gxf3 Rxf3 33. Kg2 Rb3
34. Qd4 Qb7+ 35. Re4 Rb2+ 36. Kh3 Qb5 37. Nf6+ Bxf6 38. Rg4+ Bg7 39. Rxg7+
1/2-1/2

[Event "Fontaine - Eynatten 2"]
[Site "?"]
[Date "2011.03.20"]
[Round "10.8"]
[White "Mastalerz, Xavier"]
[Black "Vanstreels, Luk"]
[Result "0-1"]
[WhiteElo "2158"]
[BlackElo "2157"]
[PlyCount "108"]
[EventDate "2010.10.07"]
[SourceDate "2011.03.21"]

1. Nf3 Nf6 2. d4 e6 3. g3 b6 4. c4 Bb7 5. Bg2 Be7 6. O-O O-O 7. d5 exd5 8. Nh4
c6 9. cxd5 Nxd5 10. Nf5 Nc7 11. e4 d5 12. Nc3 Bf6 13. Re1 Bc8 14. g4 Bxf5 15.
gxf5 d4 16. Ne2 Nba6 17. Nf4 Re8 18. Nd3 Bg5 19. Qg4 Bxc1 20. Raxc1 c5 21. e5
Rb8 22. f6 Ne6 23. Nf4 g6 24. Bc6 Nxf4 25. Bxe8 Qxe8 26. Qxf4 Nc7 27. e6 Nd5
28. exf7+ Kxf7 29. Qh4 Qh8 30. Qe4 Nxf6 31. Qe7+ Kg8 32. Qxa7 Rf8 33. Qxb6 Qg7
34. Qxc5 Ng4 35. Rc2 Qf6 36. Qd5+ Kh8 37. Qg2 Qf4 38. h3 Ne5 39. Kh1 d3 40. Rc5
d2 41. Rd1 Nd3 42. f3 Re8 43. Qxd2 Qxf3+ 44. Kg1 Qg3+ 45. Qg2 Qe3+ 46. Kh2 Qf4+
47. Kg1 Nxc5 48. Rf1 Qe5 49. Qf3 Ne4 50. b3 Qg5+ 51. Kh2 Qd2+ 52. Kg1 Qd4+ 53.
Kg2 Nc3 54. Re1 Qd2+ 0-1

[Event "Ans - Fontaine"]
[Site "Complex Sportif de Roux, BEL"]
[Date "2011.03.27"]
[Round "11.1"]
[White "Hoffmann, Michael"]
[Black "Meier, Georg"]
[Result "1/2-1/2"]
[WhiteElo "2517"]
[BlackElo "2648"]
[PlyCount "52"]
[EventDate "2011.??.??"]

1. d4 Nf6 2. c4 e6 3. Nc3 Bb4 4. e3 c5 5. Bd3 Nc6 6. Nge2 cxd4 7. exd4 d5 8.
cxd5 Nxd5 9. O-O O-O 10. Nxd5 exd5 11. Nf4 Bd6 12. Be3 Bxf4 13. Bxf4 Qf6 14.
Be3 Bf5 15. Be2 Rfe8 16. Rc1 Qg6 17. Bh5 Qd6 18. Qd2 Rac8 19. Be2 h6 20. Rc3
Ne7 21. Rfc1 Rxc3 22. Rxc3 Rc8 23. Rc5 Qe6 24. h3 Rxc5 25. dxc5 Nc6 26. Bb5 a6
1/2-1/2

[Event "Fontaine - Ans"]
[Site "Complex Sportif de Roux, BEL"]
[Date "2011.03.27"]
[Round "11.2"]
[White "De Graeve, Jean-Marc"]
[Black "Winants, Luc"]
[Result "1/2-1/2"]
[WhiteElo "2569"]
[BlackElo "2515"]
[PlyCount "79"]
[EventDate "2011.??.??"]

1. e4 e5 2. Nf3 Nc6 3. Bc4 Bc5 4. O-O d6 5. c3 Nf6 6. d3 h6 7. Nbd2 O-O 8. Re1
Be6 9. Bb3 Re8 10. Nc4 a6 11. a4 Ba7 12. a5 Ne7 13. Be3 Bxe3 14. Nxe3 Qd7 15.
Ba4 c6 16. d4 Qc7 17. Bc2 Rad8 18. Bd3 Ng6 19. dxe5 dxe5 20. Qc2 Nh7 21. Bc4
Ng5 22. Nxg5 hxg5 23. Bxe6 Rxe6 24. g3 Nf8 25. Nc4 Nh7 26. Rad1 g4 27. Rxd8+
Qxd8 28. Rd1 Qg5 29. Qd2 g6 30. Qd8+ Kg7 31. Ne3 Nf6 32. Qb6 Nxe4 33. Qb4 Nf6
34. Qxb7 c5 35. Qc7 e4 36. Qd8 Qe5 37. Nc4 Qf5 38. Ne3 Qe5 39. Nc4 Qf5 40. Ne3
1/2-1/2

[Event "Ans - Fontaine"]
[Site "Complex Sportif de Roux, BEL"]
[Date "2011.03.27"]
[Round "11.3"]
[White "Erwich, Marc"]
[Black "Todorov, Todor"]
[Result "1-0"]
[WhiteElo "2415"]
[BlackElo "2487"]
[PlyCount "87"]
[EventDate "2011.??.??"]

1. e4 c5 2. Nf3 Nc6 3. d4 cxd4 4. Nxd4 d5 5. Nxc6 bxc6 6. exd5 Qxd5 7. Qe2 Nf6
8. Nc3 Qd6 9. g3 Bg4 10. f3 Be6 11. Bf4 Qb4 12. O-O-O g6 13. a3 Qa5 14. Qa6
Qxa6 15. Bxa6 Bc8 16. Bc4 Bg7 17. Rhe1 e6 18. Bd6 h5 19. Na4 h4 20. g4 Nd7 21.
f4 h3 22. f5 gxf5 23. gxf5 e5 24. Kb1 Rh4 25. b3 Rf4 26. Rg1 Bf8 27. Rg8 Bb7
28. Nc5 O-O-O 29. Nxd7 Bxd6 30. Rxd8+ Kxd8 31. Rxd6 Ke7 32. Rd2 Rxf5 33. Nb8
Ke8 34. Rd7 Bc8 35. Rxa7 Rf2 36. Nxc6 e4 37. Ra8 Rxh2 38. Rxc8+ Kd7 39. Rh8
Kxc6 40. Bxf7 Rf2 41. Be8+ Kc5 42. Rxh3 Kd4 43. Kb2 e3 44. Bb5 1-0

[Event "Fontaine - Ans"]
[Site "Complex Sportif de Roux, BEL"]
[Date "2011.03.27"]
[Round "11.4"]
[White "Cekro, Ekrem"]
[Black "Jens, Jelmer"]
[Result "1/2-1/2"]
[WhiteElo "2400"]
[BlackElo "2386"]
[PlyCount "78"]
[EventDate "2011.??.??"]

1. c4 Nf6 2. Nc3 d5 3. cxd5 Nxd5 4. g3 g6 5. Bg2 Nxc3 6. bxc3 Bg7 7. Rb1 Nc6 8.
d4 O-O 9. e3 Na5 10. Ne2 c5 11. O-O Rb8 12. dxc5 Qc7 13. Nd4 Qxc5 14. Rb5 Qc7
15. Ba3 b6 16. Rxa5 Bxd4 17. cxd4 bxa5 18. Qd2 Bb7 19. d5 Rbc8 20. e4 Qd7 21.
Qxa5 Rc4 22. Qxa7 Ra8 23. Qe3 Rca4 24. Bc5 Rxa2 25. Bd4 R8a4 26. h3 Qb5 27. Rc1
R2a3 28. Rc3 Rxc3 29. Qxc3 Qc4 30. Qxc4 Rxc4 31. Be3 f6 32. g4 Kf7 33. Kh2 e6
34. dxe6+ Kxe6 35. f3 Rc2 36. h4 Re2 37. Bc1 Ke5 38. Kg3 f5 39. exf5 Rxg2+
1/2-1/2

[Event "Ans - Fontaine"]
[Site "Complex Sportif de Roux, BEL"]
[Date "2011.03.27"]
[Round "11.5"]
[White "Erwich, Frank"]
[Black "Wantiez, Fabrice"]
[Result "1-0"]
[WhiteElo "2333"]
[BlackElo "2379"]
[PlyCount "93"]
[EventDate "2011.??.??"]

1. c4 Nf6 2. Nc3 d5 3. cxd5 Nxd5 4. Nf3 g6 5. Qa4+ c6 6. Qd4 Nf6 7. Qxd8+ Kxd8
8. d4 Nd5 9. Bd2 Bg7 10. e4 Nb6 11. Be2 Be6 12. O-O Bc4 13. Rfc1 Kd7 14. a4 a5
15. b3 Bxe2 16. Nxe2 Nc8 17. Ra2 Rd8 18. Rac2 Ke8 19. d5 Nb6 20. Bf4 N6d7 21.
Ned4 Ra6 22. h3 Nf6 23. dxc6 bxc6 24. Bxb8 Rxb8 25. Nxc6 Rxb3 26. Nce5 Rd6 27.
Rc8+ Rd8 28. Rxd8+ Kxd8 29. Nxf7+ Ke8 30. N7e5 Rb8 31. Nc6 Rb2 32. e5 Ne4 33.
Nxa5 Ra2 34. Rc7 Ra1+ 35. Kh2 Nd2 36. Kg3 Nf1+ 37. Kf4 Rxa4+ 38. Nc4 Ra2 39. e6
Bh6+ 40. Ke4 Kf8 41. Nce5 Nd2+ 42. Nxd2 Rxd2 43. f4 Rd8 44. Nf7 Bxf4 45. Kxf4
Rd2 46. Ng5 Rf2+ 47. Kg3 1-0

[Event "Fontaine - Ans"]
[Site "?"]
[Date "2011.03.27"]
[Round "11.6"]
[White "Marechal, Andy"]
[Black "Goossens, Etienne"]
[Result "0-1"]
[WhiteElo "2357"]
[BlackElo "2243"]
[PlyCount "98"]
[EventDate "2010.10.07"]
[SourceDate "2010.10.07"]

1. e4 e5 2. Nf3 Nc6 3. Bc4 Bc5 4. c3 Nf6 5. d3 d6 6. Bb3 a6 7. h3 Ba7 8. Nbd2
O-O 9. Nf1 Be6 10. Bg5 Ne7 11. Bxf6 gxf6 12. Ng3 Kh8 13. Nh4 Ng6 14. Nhf5 Nf4
15. Qf3 a5 16. Bc2 Rg8 17. d4 Bxf5 18. exf5 d5 19. O-O-O Qd6 20. Nh5 Nxh5 21.
dxe5 fxe5 22. Qxh5 f6 23. Qf7 c6 24. c4 Bd4 25. cxd5 cxd5 26. Bb3 Rad8 27. g4
b5 28. Rd2 a4 29. Bd1 a3 30. b3 Rgf8 31. Qe6 Qb4 32. Rc2 e4 33. Be2 Bb2+ 34.
Kb1 Be5 35. Qb6 d4 36. Qxb5 Qe7 37. Qc5 Qxc5 38. Rxc5 d3 39. Bd1 Rc8 40. b4 Bd4
41. Rd5 Rc4 42. Rxd4 Rxd4 43. b5 Rc8 44. Bb3 Rb4 45. Rd1 Rc2 46. f3 Rxb5 47.
fxe4 Rxb3+ 48. axb3 a2+ 49. Ka1 d2 0-1

[Event "Fontaine - Ans"]
[Site "?"]
[Date "2011.03.27"]
[Round "11.8"]
[White "Le Quang, Kim"]
[Black "Delcour, Errol"]
[Result "1-0"]
[WhiteElo "2347"]
[BlackElo "1800"]
[PlyCount "65"]
[EventDate "2010.10.07"]
[SourceDate "2010.10.07"]

1. c4 Nf6 2. g3 c6 3. Bg2 d5 4. Nf3 Bf5 5. cxd5 cxd5 6. Qb3 Qc8 7. Nc3 e6 8. d3
Nc6 9. Bf4 Bc5 10. O-O O-O 11. Rac1 Ng4 12. Nb5 Bb6 13. Nd6 Qd7 14. Nxf5 exf5
15. h3 Nf6 16. Ne5 Qe6 17. Nxc6 bxc6 18. Bf3 h6 19. Qa4 Rac8 20. Rfe1 g5 21.
Bd2 f4 22. Kg2 fxg3 23. fxg3 Qe5 24. Rf1 Bc7 25. Be1 h5 26. Rxc6 Qe8 27. b3 Be5
28. Ra6 Qxa4 29. Rxa4 Bb8 30. Bd2 g4 31. hxg4 hxg4 32. Bxg4 Nxg4 33. Rxg4+ 1-0

[Event "KBSK - Namur"]
[Site "Complex Sportif de Roux, BEL"]
[Date "2011.03.27"]
[Round "11.1"]
[White "Maenhout, Thibaut"]
[Black "Hetey, Laszlo"]
[Result "0-1"]
[WhiteElo "2357"]
[BlackElo "2354"]
[PlyCount "88"]
[EventDate "2011.??.??"]

1. e4 e5 2. Nf3 Nc6 3. Bb5 Nf6 4. O-O Nxe4 5. d4 Be7 6. Re1 Nd6 7. dxe5 Nxb5 8.
a4 Nbd4 9. Nxd4 Nxd4 10. Qxd4 O-O 11. Bf4 d6 12. exd6 Bf6 13. Qb4 cxd6 14. c3
Re8 15. Na3 Bd7 16. Red1 Bc6 17. Nb5 Re4 18. Qxd6 Qxd6 19. Bxd6 Re2 20. Ba3
Rae8 21. Kf1 Bh4 22. g3 Bf6 23. Nd6 R8e6 24. a5 h5 25. Nf5 Rc2 26. Ne3 Rxe3 27.
fxe3 Rxh2 28. Bd6 Rxb2 29. Rac1 h4 30. gxh4 Bxh4 31. Rd4 Rf2+ 32. Kg1 Rg2+ 33.
Kf1 g5 34. e4 Rf2+ 35. Kg1 Ra2 36. Rf1 Rxa5 37. Be7 Kg7 38. Rd8 Bxe4 39. Bf6+
Kg6 40. Rg8+ Kh5 41. Bd8 Ra3 42. Rxf7 Rxc3 43. Rc7 Rd3 44. Rc1 Rh3 0-1

[Event "KBSK - Namur"]
[Site "Complex Sportif de Roux, BEL"]
[Date "2011.03.27"]
[Round "11.3"]
[White "Donovan, Linton"]
[Black "Henris, Luc"]
[Result "1-0"]
[WhiteElo "2301"]
[BlackElo "2248"]
[PlyCount "55"]
[EventDate "2011.??.??"]

1. e4 e5 2. Bc4 Nf6 3. d3 c6 4. Bb3 d5 5. Nf3 Bd6 6. exd5 Nxd5 7. O-O O-O 8.
Re1 Re8 9. Bg5 f6 10. c4 Bb4 11. Re4 Nc7 12. c5+ Nd5 13. Rxb4 fxg5 14. Re4 Na6
15. d4 exd4 16. Rxe8+ Qxe8 17. Qxd4 g4 18. Ne5 Be6 19. Nc3 Nxc3 20. Qxc3 Kh8
21. Re1 Bd5 22. Nxg4 Qh5 23. Nf6 gxf6 24. Qxf6+ Kg8 25. Re5 Qf7 26. Rg5+ Kf8
27. Qd6+ Qe7 28. Rf5+ 1-0

[Event "KBSK - Namur"]
[Site "?"]
[Date "2011.03.27"]
[Round "11.5"]
[White "Verlinde, Tieme"]
[Black "Hafner, Christian"]
[Result "0-1"]
[WhiteElo "2237"]
[BlackElo "2128"]
[PlyCount "154"]
[EventDate "2010.10.07"]
[SourceDate "2011.03.27"]

1. e4 c5 2. Nf3 d6 3. d3 Nc6 4. g3 g6 5. Bg2 Bg7 6. O-O e6 7. c3 Nge7 8. Be3
O-O 9. Nbd2 b6 10. d4 cxd4 11. cxd4 d5 12. e5 a5 13. g4 Ba6 14. Re1 Nb4 15. Nf1
Rc8 16. Ng3 Nc2 17. Qd2 Nxa1 18. Rxa1 Qc7 19. Bh6 f6 20. exf6 Rxf6 21. Bxg7
Kxg7 22. Qg5 Rff8 23. Ne5 Kh8 24. h4 Ng8 25. h5 Qe7 26. Qe3 Kg7 27. g5 Rc2 28.
h6+ Kh8 29. Rc1 Rxc1+ 30. Qxc1 Qd6 31. Qe3 Ne7 32. Nd7 Nf5 33. Nxf5 Rxf5 34.
Nf6 Qf4 35. Qa3 Qxf2+ 36. Kh2 Qh4+ 37. Bh3 Qf2+ 38. Bg2 Qf4+ 39. Kh3 Rxf6 40.
gxf6 Qxh6+ 41. Kg3 Qg5+ 42. Kh2 Qxf6 43. Qd6 Bd3 44. Qxb6 h5 45. Qxa5 Qf4+ 46.
Kh1 Qh4+ 47. Kg1 Qxd4+ 48. Kh2 Qe5+ 49. Kg1 Qxb2 50. Qd8+ Kh7 51. Qe7+ Kh6 52.
Qxe6 Qd4+ 53. Kh2 Be4 54. Bxe4 dxe4 55. Qf7 Qb2+ 56. Kg3 Qa3+ 57. Kg2 Qb2+ 58.
Kg3 Qc3+ 59. Kg2 Qd2+ 60. Kg3 Qe3+ 61. Kg2 Qg5+ 62. Kh2 h4 63. Qe8 Qf4+ 64. Kg2
Qd2+ 65. Kh3 Qe3+ 66. Kh2 Qg3+ 67. Kh1 e3 68. Qh8+ Kg5 69. Qd8+ Kg4 70. Qd4+
Kf3 71. Qf6+ Ke2 72. Qb2+ Kf1 73. Qb1+ Qe1 74. Qc2 Qe2 75. Qb1+ Kf2 76. Qg1+
Kf3 77. a4 h3 0-1

[Event "Namur - KBSK "]
[Site "?"]
[Date "2011.03.27"]
[Round "11.6"]
[White "Verspecht, Thierry"]
[Black "Bertrem, Stijn"]
[Result "1-0"]
[WhiteElo "2079"]
[BlackElo "2230"]
[PlyCount "79"]
[EventDate "2010.10.07"]
[SourceDate "2011.03.27"]

1. d4 Nf6 2. c4 c5 3. d5 b5 4. Qc2 bxc4 5. e4 e6 6. Bxc4 exd5 7. exd5 Bd6 8.
Ne2 Na6 9. Nbc3 O-O 10. Bg5 Re8 11. Rd1 Rb8 12. a3 Be5 13. Kf1 Qb6 14. b3 Nc7
15. h4 d6 16. h5 Bg4 17. Bxf6 Bxf6 18. f3 Bd7 19. Ne4 Be5 20. f4 f5 21. fxe5
fxe4 22. e6 Bb5 23. Qxe4 Bxc4 24. bxc4 Qb3 25. Rc1 Qxa3 26. h6 g6 27. Rh3 Qb2
28. Kg1 Rf8 29. Re1 Qd2 30. Ra1 Rb2 31. Re3 Rf5 32. Rf1 Re5 33. e7 Rb8 34. Ref3
Qxh6 35. Rf8+ Rxf8 36. exf8=Q+ Qxf8 37. Rxf8+ Kxf8 38. Qf3+ Kg7 39. Nf4 h5 40.
Qc3 1-0

[Event "KBSK - Namur"]
[Site "?"]
[Date "2011.03.27"]
[Round "11.7"]
[White "Verduyn, Frederic"]
[Black "Englebert, Stephane"]
[Result "1-0"]
[WhiteElo "2203"]
[BlackElo "1693"]
[PlyCount "45"]
[EventDate "2010.10.07"]
[SourceDate "2011.03.27"]

1. e4 b6 2. d4 Bb7 3. Bd3 e6 4. Nf3 c5 5. c3 Nf6 6. Nbd2 d5 7. e5 Nfd7 8. Qe2
Be7 9. O-O O-O 10. Re1 Nc6 11. a3 cxd4 12. cxd4 a5 13. Nf1 Ndb8 14. Bb1 Na6 15.
Qd3 g6 16. Bh6 Re8 17. Qd2 Nc7 18. Ne3 Nb5 19. Ng4 f5 20. exf6 Bxf6 21. Qf4 Bh8
22. Bg5 Qc7 23. Nh6+ 1-0

[Event "Namur - KBSK "]
[Site "?"]
[Date "2011.03.27"]
[Round "11.8"]
[White "Moens, Bernard"]
[Black "De Spiegelaere, Chris"]
[Result "1/2-1/2"]
[WhiteElo "1634"]
[BlackElo "1801"]
[PlyCount "82"]
[EventDate "2010.10.07"]
[SourceDate "2011.03.27"]

1. d4 d6 2. c4 c6 3. Nc3 Nf6 4. e4 Qa5 5. Bd3 Nbd7 6. Nf3 e5 7. dxe5 dxe5 8.
O-O Bd6 9. Bd2 Qc7 10. h3 O-O 11. Rc1 Nc5 12. Bb1 Be6 13. b4 Na6 14. c5 Be7 15.
a3 Rad8 16. Qe2 Nb8 17. Bg5 Nbd7 18. Rfd1 h6 19. Be3 Nh7 20. Nd2 Bg5 21. Bxg5
Nxg5 22. Ba2 Bxa2 23. Nxa2 Ne6 24. Nc4 Nd4 25. Qe3 Nf6 26. Nc3 Qe7 27. Ne2
Nxe2+ 28. Qxe2 Rd7 29. Rxd7 Nxd7 30. Rd1 Nf6 31. Rd3 g6 32. h4 Nh5 33. Qd2 Nf4
34. Rd7 Qxh4 35. g3 Nh3+ 36. Kg2 Qxe4+ 37. Kxh3 Qxc4 38. Rxb7 Qe4 39. Kh2 Qf3
40. Rxa7 Qf6 41. Rd7 Qf3 1/2-1/2

[Event "CRELEL - Amay"]
[Site "Complex Sportif de Roux, BEL"]
[Date "2011.03.27"]
[Round "11.1"]
[White "Vandevoort, Pascal"]
[Black "Bojkov, Dejan"]
[Result "1/2-1/2"]
[WhiteElo "2353"]
[BlackElo "2552"]
[PlyCount "47"]
[EventDate "2011.??.??"]

1. e4 e5 2. Nf3 Nc6 3. Bb5 a6 4. Bxc6 dxc6 5. O-O f6 6. d4 exd4 7. Nxd4 c5 8.
Ne2 Qxd1 9. Rxd1 Bd7 10. Nbc3 O-O-O 11. Be3 Re8 12. Rd2 Bc6 13. Rad1 b6 14. a4
Ne7 15. a5 Kb7 16. Rd8 Rxd8 17. Rxd8 Ng6 18. axb6 cxb6 19. Nd5 Bxd5 20. exd5
Kc7 21. Ra8 Kb7 22. Rd8 Kc7 23. Ra8 Kb7 24. Rd8 1/2-1/2

[Event "CRELEL - Amay"]
[Site "Complex Sportif de Roux, BEL"]
[Date "2011.03.27"]
[Round "11.3"]
[White "Marville, Grégoire"]
[Black "Buscher, Michael"]
[Result "0-1"]
[WhiteElo "2472"]
[BlackElo "2135"]
[PlyCount "86"]
[EventDate "2011.??.??"]

1. d4 g6 2. c4 f5 3. Nc3 Nf6 4. Nf3 Bg7 5. e3 d6 6. Bd3 O-O 7. O-O Nc6 8. d5
Nb4 9. Bb1 e5 10. dxe6 Bxe6 11. Qe2 Re8 12. a3 Na6 13. Ba2 Ne4 14. Nd5 Bf7 15.
Rb1 c6 16. Nf4 Qe7 17. Nd2 Nac5 18. Nxe4 Nxe4 19. f3 Nc5 20. Qc2 a5 21. Bd2 a4
22. Rbe1 b5 23. Bc3 Bxc3 24. Qxc3 Qe5 25. Qc2 Rab8 26. Rf2 b4 27. axb4 Rxb4 28.
Rd2 Reb8 29. Ree2 Rxb2 30. Qxb2 Rxb2 31. Rxb2 g5 32. Nh3 Nd3 33. Rb8+ Kg7 34.
Nxg5 Nc1 35. Rb7 Nxe2+ 36. Kf2 Qxh2 37. Nxf7 Qg1+ 38. Kxe2 Qxg2+ 39. Kd3 Qxa2
40. Nxd6+ Kg6 41. Nc8 Qa3+ 42. Kd2 Qc5 43. Rc7 Qa5+ 0-1

[Event "Amay - CRELEL "]
[Site "?"]
[Date "2011.03.27"]
[Round "11.4"]
[White "Tan, Matthew"]
[Black "Gillain, Christophe"]
[Result "1-0"]
[WhiteElo "2381"]
[BlackElo "2092"]
[PlyCount "71"]
[EventDate "2010.10.07"]
[SourceDate "2011.03.27"]

1. e4 e6 2. d4 d5 3. Nd2 dxe4 4. Nxe4 Bd7 5. Nf3 Bc6 6. Bd3 Nd7 7. O-O Ngf6 8.
Ng3 Be7 9. b3 O-O 10. Bb2 Bxf3 11. Qxf3 c6 12. c4 Qc7 13. Rfe1 Rfe8 14. Rad1 a5
15. a3 Rad8 16. h4 Bd6 17. Ne4 Nxe4 18. Bxe4 Nf6 19. Bc2 Qe7 20. a4 Ba3 21. Ba1
Bb4 22. Re3 Bd6 23. h5 Qc7 24. g3 h6 25. Qe2 Nh7 26. f4 Be7 27. Bc3 Bf6 28. Qd2
b6 29. Rde1 Rd7 30. Qd3 Nf8 31. f5 Red8 32. fxe6 Nxe6 33. d5 Bxc3 34. Qh7+ Kf8
35. dxe6 Bxe1 36. e7+ 1-0

[Event "CRELEL - Amay"]
[Site "?"]
[Date "2011.03.27"]
[Round "11.5"]
[White "Valentiny, Benoit"]
[Black "Broekmeulen, Jasper"]
[Result "0-1"]
[WhiteElo "2007"]
[BlackElo "2371"]
[PlyCount "54"]
[EventDate "2010.10.07"]
[SourceDate "2011.03.27"]

1. Nf3 d6 2. d3 g6 3. Nbd2 Bg7 4. e4 e5 5. c3 Nc6 6. b4 f5 7. b5 Nce7 8. Bb2
Nf6 9. Be2 O-O 10. O-O h6 11. Qc2 g5 12. h3 Ng6 13. Rfe1 g4 14. hxg4 fxg4 15.
Nh2 h5 16. Nhf1 Nh7 17. Ne3 Qg5 18. Ndc4 h4 19. Nd5 g3 20. Rf1 gxf2+ 21. Rxf2
Rxf2 22. Kxf2 Qg3+ 23. Kg1 h3 24. Bf3 Nh4 25. Rf1 Ng5 26. Qe2 hxg2 27. Bxg2 Bg4
0-1